LEADER 00987nam a2200253 a 4500 001 000000131842 003 CaOOAMICUS 005 20121204112026.0 008 121204s1987 it u000 u ita r 040 $aPUL$bita 100 1 $aDioguardi, Gianfranco.$0(OLS)http://pul/name/39415 245 13$aIl gioco del caso :$bdisegno di una relazione per un convegno /$cGianfranco Dioguardi. 260 $aPalermo :$bSellerio,$c1987. 300 $a280 p. ;$c21 cm 490 1 $aCiviltà perfezionata 504 $aBibliografia in nota. 830 0$aCiviltà perfezionata.$0(OLS)http://pul/title/166569 850 $aPUL 852 $aPUL$W1$xDP1 Fondo E. Rossi$y115$m1 D 56$j151920$qFondi$B151089$CPULBib$Z2$F151089 $82 941 1 $a1 961 $aSul dorso collocazione ms. di E. Rossi: D 47 996 $6245$aIl gioco del caso :$bdisegno di una relazione per un convegno$9(OLS)http://pul/title/166568 996 $6260$aPalermo :$bSellerio$9(OLS)http://pul/publisher/66919 LEADER 00954nam a2200241 a 4500 001 000000146990 003 CaOOAMICUS 005 20151030141729.0 008 151030s1953 wiu u000 u eng r 032 $aLibriCat 040 $aPUL$bita 100 1 $aPattee, Richard.$0(OLS)http://pul/name/57674 245 14$aThe case of cardinal Aloysius Stepinac /$cby Richard Pattee. 260 $aMilwaukee :$bThe Bruce Publishing Company,$c1953. 300 $axvi, 499 p. ;$c23 cm. 600 14$aStepinac, Alojzije,$ccard.,$d1898-1960.$0(OLS)http://pul/subject/24421 850 $aPUL 852 $aPUL$W1$xDP1 Religione 1$y20$m642 K 34$j169941$qStampati$B170717$CPULBib$Z2$F170717 $81 941 1 $a8 961 $aStemma di Pio XII sul piatto anteriore 996 $6245$aThe case of cardinal Aloysius Stepinac$9(OLS)http://pul/title/185621 996 $6260$aMilwaukee :$bThe Bruce Publishing Company$9(OLS)http://pul/publisher/61924